000 00543 a2200193 4500
001 63598
005 20260407155935.0
008 260407a1970 arg spa d
003 AR-UNSa-BCEJYS
040 _aAR-UNSa-BCEJYS
_bspa
_cAR-UNSa-BCEJYS
080 _a658.011.56
_xAutomatización
245 1 0 _aSistemas de información para directivos de empresas
264 1 _aMéxico :
_bEditora Técnica
_c1970
300 _a272 p.
_c23 cm.
041 _aspa
942 _cBK
590 _aniveau_biblio:m niveau_hierar:0
100 1 _aMartino, R.L.
999 _c8253
_d8253